000 00621 a2200181 4500
999 _c2989
_d2989
020 _a9780917505188
050 _aHQ 778.6 BEN 2005
100 _aBender, Judith
_eauthor
245 _aHalf a childhood :
_bquality programs for out-of-school hours /
_cJudith Bender, Charles H Flatter and Jeanette M Sorrentino
250 _a3rd ed.
264 _aNashville, Tenn :
_bSchool-Age NOTES,
_c2005
300 _axvi, 300p.
_bill.
500 _aincludes index
650 _aSchool-age child care
700 _aCharles H . Flatter
_eauthor
700 _aJeanette M. Sorrentino
_eauthor
942 _2lcc
_cBK
_e3rd ed.
_h778.6
_iBEN
_kHQ